| 000 | 00696nam a2200181 i 4500 | ||
|---|---|---|---|
| 001 | 159300 | ||
| 003 | ES-MaACL | ||
| 005 | 20230906211531.0 | ||
| 008 | 040910s1884 sp |||| | spa d | ||
| 100 | 1 |
_aMélida y Alinari, José Ramón, _d1856-1933 _979969 |
|
| 245 | 1 | 3 |
_aEl demonio con faldas _b: (memorias de un gato) / _cpor José Ramón Mélida. |
| 260 |
_aMadrid : _b[s.n.], _c1884 ( _fEstab. Tip. de Ricardo Fé) |
||
| 300 |
_a86 p. ; _c19 cm. |
||
| 530 | _aDisponible en formato digital. | ||
| 852 |
_aES-MaACL _jFol-Laf-555 _z. - Legado M. de la Fuente |
||
| 856 |
_uhttp://bdh-rd.bne.es/viewer.vm?id=0000191763&page=1 _zBiblioteca Digital Hispánica |
||
| 999 |
_c159300 _d159300 |
||